Statistics for AHL teams

Click here to take the quiz!

General Stats

  • This quiz has been taken 152 times
    (99 since last reset)
  • The average score is 21 of 31

Answer Stats

NHL AffiliateAHL Team% Correct
TorontoToronto Marlies
94%
OttawaBinghamton Senators
83%
DallasTexas Stars
81%
PittsburghWilkes-Barre/Scranton Penguins
78%
Tampa BaySyracuse Crunch
78%
BostonProvidence Bruins
78%
Las VegasChicago Wolves
78%
Los AngelesOntario Reign
75%
San JoseSan Jose Barracuda
75%
MinnesotaIowa Wild
72%
MontrealLaval Rockets
72%
DetroitGrand Rapids Griffins
72%
New JerseyBelleville Devils
72%
RangersHartford Wolf Pack
69%
BuffaloRochester Americans
69%
CalgaryStockton Heat
69%
WinnipegManitoba Moose
67%
ArizonaTucson Roadrunners
67%
VancouverUtica Comets
67%
WashingtonHershey Bears
67%
AnahiemSan Deigo Gulls
64%
EdmontonBakersfield Condors
61%
NashvilleMilwaukee Admirals
61%
PhiladelphiaLehigh Valley Phantoms
61%
ChicagoRockford IceHogs
58%
ColoradoColorado Eagles
58%
CarolinaCharlotte Checkers
58%
ColumbusCleveland Monsters
56%
IslandersBridgeport Sound Tigers
56%
St LouisSan Antonio Rampage
50%
FloridaSpringfield Thunderbirds
42%

Score Distribution

Percentile by Number Answered

Percent of People with Each Score

Your Score History

You have not taken this quiz since the last reset